Top 20 Rappers Of All Time - Statistics

General Stats
  • This quiz has been taken 125 times
  • The average score is 11 of 20
Answer Stats
Hint Answer % Correct
5 Eminem
94%
4 Tupac Shakur
92%
6 The Notorious B.I.G
86%
2 Kendrick Lamar
84%
8 Drake
81%
1 Jay-Z
78%
11 Kanye West
76%
17 50 Cent
73%
7 Lil Wayne
69%
9 Snoop Dogg
69%
3 Nas
65%
18 Ice Cube
60%
15 J Cole
44%
10 Nikki Minaj
44%
12 Andre 3000
39%
13 Rakim
23%
14 LL Cool J
17%
19 Missy Elliott
17%
20 Big Daddy Kane
6%
16 Scarface
5%
No matching quizzes found
Score Distribution
Percent of People with Each Score
Percentile by Number Answered
Your Score History
You have not taken this quiz